000
00279nam a2200109Ia 4500
008
190216s9999||||xx |||||||||||||| ||und||
100
_a
Chankara Kummath Shankaran
245
0
_a
Malayalam-Vallthole Sahithyam
260
_b
Sidhartha Book House
650
_a
Malayalam
942
_c
BK
999
_c
25044
_d
25044